Sir gawain and the green knight pearl and sir orfeo (Record no. 4598)

MARC details
000 -LEADER
fixed length control field 00504cam a2200193ua 4500
001 - CONTROL NUMBER
control field 5422
005 - DATE AND TIME OF LATEST TRANSACTION
control field 20260515113900.0
008 - FIXED-LENGTH DATA ELEMENTS--GENERAL INFORMATION
fixed length control field 120903n xxk |||gr||||Z||||||eng
020 ## - INTERNATIONAL STANDARD BOOK NUMBER
International Standard Book Number 0-04-821039-0
040 ## - CATALOGING SOURCE
Transcribing agency MAIN
082 ## - DEWEY DECIMAL CLASSIFICATION NUMBER
Classification number 821
100 1# - MAIN ENTRY--PERSONAL NAME
Personal name Tolkien, J. R. R.,
Relator term Editor,
245 11 - TITLE STATEMENT
Title Sir gawain and the green knight pearl and sir orfeo
Statement of responsibility, etc. by J. R. R. Tolkien
250 ## - EDITION STATEMENT
Edition statement 1st.
260 ## - PUBLICATION, DISTRIBUTION, ETC.
Place of publication, distribution, etc. London:
Name of publisher, distributor, etc. Unwin paperbacks,
Date of publication, distribution, etc. 1979.
300 ## - PHYSICAL DESCRIPTION
Extent 142p:
Dimensions 15cm.
653 ## - INDEX TERM--UNCONTROLLED
Uncontrolled term English poetry
942 ## - ADDED ENTRY ELEMENTS (KOHA)
Koha item type Books
Holdings
Withdrawn status Lost status Damaged status Not for loan Home library Current library Shelving location Date acquired Total checkouts Full call number Barcode Date last seen Copy number Price effective from Koha item type
        Naharkatiya College Library Naharkatiya College Library General stacks 09/19/2020   821 | SIR 6069(A) 09/19/2020 1 09/19/2020 Books